|
|
|
|
| LEADER |
00904nab a2200253 i 4500 |
| 001 |
misc65797 |
| 005 |
20240913112618.0 |
| 008 |
240213s1954 hu o 000 eng d |
| 040 |
|
|
|a SZTE Miscellanea Repozitórium
|b hun
|
| 041 |
|
|
|a eng
|
| 041 |
|
|
|a rus
|
| 041 |
|
|
|a tib
|
| 100 |
1 |
|
|a Uray Géza
|
| 245 |
1 |
0 |
|a Duplication, gemination and triplication in Tibetan
|h [elektronikus dokumentum] /
|c Uray Géza
|
| 260 |
|
|
|a Akadémiai Kiadó
|b Budapest
|c 1954
|
| 300 |
|
|
|a 177-244
|c 25 cm
|
| 300 |
|
|
|a [68] p.
|c 25 cm
|
| 490 |
0 |
|
|a Acta Orientalia Academiae Scientiarum Hungaricae : a Magyar Tudományos Akadémia orientalisztikai közleményei
|
| 561 |
|
|
|a Németh Gyula hagyaték
|
| 591 |
|
|
|a NOT 6247; LOT 4077; ROT 779
|
| 650 |
|
4 |
|a Bölcsészettudományok
|
| 650 |
|
4 |
|a Nyelvek és irodalom
|
| 695 |
|
|
|a Tibeti nyelv
|
| 856 |
4 |
0 |
|u http://misc.bibl.u-szeged.hu/65797/1/6247_not.pdf
|z Dokumentum-elérés
|